[Event "Mechanics' Fall TNM; G/2"]
[Site "San Francisco"]
[Date "2015.10.27"]
[Round "2.16"]
[White "Tracy, Joseph J"]
[Black "Bhattacharjee, Shiva"]
[Result "1-0"]
[WhiteElo "2196"]
[BlackElo "1355"]
[PlyCount "101"]
[EventDate "2015.??.??"]

1. d4 Nf6 2. c4 g6 3. Nc3 Bg7 4. e4 d6 5. Be2 O-O 6. Nf3 e5 7. O-O Nc6 8. d5
Ne7 9. Ne1 Ne8 10. Be3 f5 11. f3 c5 12. Nd3 f4 13. Bd2 Bd7 14. Rb1 g5 15. b4 b6
16. a4 Rf6 17. a5 Rh6 18. Qb3 Ng6 19. axb6 axb6 20. bxc5 bxc5 21. Qb7 Nf6 22.
Nf2 Qc8 23. Qxc8+ Bxc8 24. Rb6 Bf8 25. Rfb1 Nd7 26. Rc6 Ne7 27. Rc7 Kf7 28. Bd1
Nf6 29. Ng4 Rg6 30. Nxf6 Rxf6 31. Ba4 Kg8 32. Rb6 Ba6 33. Bb5 Bxb5 34. Rxb5 Rf7
35. Rbb7 Rc8 36. Rd7 Rf6 37. Rxe7 Bxe7 38. Rxe7 Rf7 39. Re6 Rd7 40. Nb5 Rcd8
41. Kf2 Kf8 42. Ke2 Re7 43. Rxd6 Rxd6 44. Nxd6 Rd7 45. Nb5 Ke7 46. Kd3 h5 47.
Bc3 Kf6 48. Ba5 g4 49. Bb6 gxf3 50. gxf3 Rd8 51. Bxd8+ 1-0

[Event "Mechanics' Fall TNM; G/2"]
[Site "San Francisco"]
[Date "2015.11.10"]
[Round "4.4"]
[White "Tracy, Joseph J"]
[Black "Ke, Ivan"]
[Result "1/2-1/2"]
[WhiteElo "2196"]
[BlackElo "2112"]
[PlyCount "109"]
[EventDate "2015.??.??"]

1. d4 Nf6 2. c4 g6 3. Nc3 Bg7 4. e4 d6 5. Be2 O-O 6. Nf3 Nc6 7. O-O e5 8. d5
Ne7 9. Ne1 Nd7 10. Nd3 f5 11. f3 b6 12. Bd2 f4 13. b4 h5 14. c5 Nf6 15. Rc1 Bd7
16. Nf2 a6 17. a4 g5 18. Bc4 g4 19. cxd6 cxd6 20. Qe2 Bc8 21. h3 Qe8 22. fxg4
hxg4 23. Nxg4 Nxg4 24. hxg4 Qg6 25. Qd1 Bxg4 26. Be2 Bh3 27. Bf3 Rf6 28. Be1
Qg5 29. Rc2 Rh6 30. Qd3 Kf7 31. Nd1 Bf6 32. Nb2 Rg6 33. Nc4 Nc8 34. a5 b5 35.
Nb6 Nxb6 36. axb6 Bd8 37. Kh2 Bd7 38. Bf2 Rb8 39. Rh1 Rh6+ 40. Kg1 Rxh1+ 41.
Kxh1 Bxb6 42. Bxb6 Rxb6 43. Rc7 Ke7 44. Qc3 Qg3 45. Kg1 Rb8 46. Rxd7+ Kxd7 47.
Qc6+ Kd8 48. Qxd6+ Kc8 49. Qxa6+ Kd8 50. Qd6+ Kc8 51. Qc5+ Kd8 52. Kf1 Qg7 53.
Qd6+ Kc8 54. Qc6+ Kd8 55. Qd6+ 1/2-1/2

[Event "Mechanics' Fall TNM; G/2"]
[Site "San Francisco"]
[Date "2015.12.08"]
[Round "8.5"]
[White "Tracy, Joseph J"]
[Black "Tsodikova, Natalya"]
[Result "0-1"]
[WhiteElo "2196"]
[BlackElo "2164"]
[Annotator "Donaldson"]
[PlyCount "68"]
[EventDate "2015.??.??"]

1. d4 Nf6 2. Nf3 g6 3. c4 Bg7 4. Nc3 d6 5. e4 O-O 6. Be2 Bg4 7. Be3 Nfd7 8. Qd2
Re8 9. O-O c5 10. d5 Na6 11. Rab1 (11. Ng5) 11... Nc7 12. a3 Bxf3 13. Bxf3 e6
14. dxe6 (14. b4 $14) 14... Nxe6 15. Nb5 (15. Qxd6 Ne5 16. Qxd8 Raxd8 17. Be2
Nd4) 15... Ne5 16. Be2 Nc6 17. Nxd6 Re7 18. f4 Rd7 19. Rbd1 Ncd4 $6 (19... Bd4
20. e5 (20. Nb5 $11) 20... Nxe5 21. fxe5 Bxe5 22. Nxf7 Rxd2 23. Nxd8 Rxe2 24.
Nxe6 Rxe3 $15) 20. e5 Bf8 21. Bxd4 Nxd4 22. Bf3 (22. Ne4 $1 Nf3+ 23. Bxf3 Rxd2
24. Rxd2 $16) 22... Bxd6 23. exd6 Rxd6 24. Bd5 b5 25. Qd3 (25. f5 $5) 25...
bxc4 26. Bxc4 Qf6 27. b4 cxb4 28. axb4 Rb8 29. Qa3 Rc8 30. Bd3 Rcd8 (30... Rc3
$5 31. Qb2 (31. Qxc3 Nf3+) 31... Rb3 32. Qa2 Rxb4 33. Qxa7 {
and Black is better but White should hold with best play.}) 31. Qxa7 Nc6 32.
Qe3 Qc3 (32... Nxb4 33. Be2 Rxd1 34. Bxd1 Nd5 35. Qf2 Nxf4 36. Qxf4 Qxf4 37.
Rxf4 Rxd1+ {Is drawn but with some small practical chances.}) 33. Rc1 Qa3 34.
Qe4 $4 {Diagram #} Re6 $1 0-1

[Event "Mechanics' Spring TNM; G/2"]
[Site "San Francisco"]
[Date "2015.03.17"]
[Round "1.12"]
[White "Traub, Igor"]
[Black "Aquino, Pat"]
[Result "1-0"]
[WhiteElo "2073"]
[BlackElo "1514"]
[PlyCount "43"]
[EventDate "2015.??.??"]

1. d4 d6 2. c4 Nf6 3. Nc3 c6 4. e4 g6 5. Nf3 Bg4 6. Be2 Nbd7 7. O-O Bg7 8. e5
$1 Bxf3 $2 9. exf6 Nxf6 10. Bxf3 Qa5 11. Re1 e5 12. Qb3 O-O 13. dxe5 dxe5 14.
Bg5 Qc7 15. Bxf6 Bxf6 16. Rad1 Rad8 17. Ne4 Bg7 18. c5 b6 19. Qc4 Rfe8 20. b4
Rd4 21. Rxd4 exd4 22. Nf6+ 1-0

[Event "Mechanics' Winter TNM; 30/90, SD/30"]
[Site "San Francisco"]
[Date "2015.01.27"]
[Round "4.4"]
[White "Traub, Igor"]
[Black "Byambaa, Uyanga"]
[Result "0-1"]
[WhiteElo "2073"]
[BlackElo "2242"]
[PlyCount "52"]
[EventDate "2015.??.??"]

1. d4 Nf6 2. c4 g6 3. Nc3 Bg7 4. e4 d6 5. Nf3 O-O 6. h3 e5 7. d5 a5 8. Bd3 Na6
9. Be3 Bd7 10. Nd2 Ne8 11. g4 Kh8 12. Qe2 a4 13. O-O-O a3 14. b3 c6 15. dxc6
bxc6 16. Na4 Rb8 17. Kb1 Qa5 18. c5 Qxa4 19. Bxa6 Nc7 20. Bd3 d5 21. f3 Ne6 22.
Rc1 d4 23. Ka1 Qb4 24. Rc4 Qa5 25. Bf2 Nf4 26. Qf1 Qxd2 0-1

[Event "Mechanics' Winter TNM; 30/90, SD/30"]
[Site "San Francisco"]
[Date "2015.01.06"]
[Round "1.13"]
[White "Traub, Igor"]
[Black "Eytan, David"]
[Result "1-0"]
[WhiteElo "2073"]
[BlackElo "1599"]
[PlyCount "69"]
[EventDate "2015.??.??"]

1. d4 f5 2. g3 Nf6 3. Bg2 e6 4. Nh3 Nc6 5. c4 Bb4+ 6. Nc3 O-O 7. O-O Bxc3 8.
bxc3 Ne7 9. Rb1 Rb8 10. Qa4 d5 11. Ba3 a6 12. cxd5 exd5 13. c4 c6 14. Nf4 Ne4
15. Qb4 Rf7 16. Rfd1 a5 17. Qb3 g5 18. Nd3 Ng6 19. cxd5 Qxd5 20. Qxd5 cxd5 21.
Rb6 f4 22. Ne5 Nxe5 23. dxe5 fxg3 24. e6 gxf2+ 25. Kf1 Bxe6 26. Rxe6 Nc3 27.
Rd3 Nb1 28. Bxd5 Rd8 29. Rd6 Rdf8 30. Bb2 b5 31. Rf6 b4 32. Rxf2 Nc3 33. Rxf7
Rxf7+ 34. Bxf7+ Kxf7 35. Bxc3 1-0

[Event "Mechanics' Spring TNM; G/2"]
[Site "San Francisco"]
[Date "2015.04.14"]
[Round "5.12"]
[White "Traub, Igor"]
[Black "Newey, Richard"]
[Result "1-0"]
[WhiteElo "2073"]
[BlackElo "1797"]
[Annotator "Winslow,Elliott"]
[PlyCount "67"]
[EventDate "2015.??.??"]

1. d4 Nf6 2. Nf3 d5 3. Bf4 g6 4. e3 Bg7 5. h3 O-O 6. c4 c5 7. Nc3 cxd4 8. exd4
Nc6 9. a3 a6 10. b4 Re8 11. Rc1 Bf5 12. Be2 Be4 13. O-O Rc8 14. Ng5 e5 15. dxe5
Nxe5 16. f3 Bf5 17. Nxd5 Nxd5 18. Qxd5 Qxd5 19. cxd5 Rxc1 20. Rxc1 Nd3 21. Bxd3
Bxd3 22. Rc7 Bd4+ 23. Kh2 Be5 24. Bxe5 Rxe5 {Diagram [#]} 25. d6 {The program
Stockfish runs and runs on my little computer and still can't decide between
this and} (25. Nxf7 {-- but that's okay, they're both winning.}) 25... Bb5 (
25... Rxg5 26. d7 Rd5 27. Rc8+ Kg7 28. d8=Q Rxd8 29. Rxd8 Bb5 {
is pretty lost, too}) 26. Nxf7 Rd5 27. Rxb7 Be8 28. Nh6+ Kf8 29. Rb6 Kg7 30.
Ng4 h5 31. Nf2 Bb5 32. Ne4 Rd3 33. a4 Bxa4 34. Nc5 1-0

[Event "Mechanics' Winter TNM; 30/90, SD/30"]
[Site "San Francisco"]
[Date "2015.02.10"]
[Round "6.9"]
[White "Traub, Igor"]
[Black "Poling, Scott"]
[Result "1-0"]
[WhiteElo "2073"]
[BlackElo "1910"]
[PlyCount "43"]
[EventDate "2015.??.??"]

1. Nf3 d5 2. g3 Nc6 3. d4 Bg4 4. Bg2 Nf6 5. Ne5 Bf5 6. c4 e6 7. O-O Bd6 8. Qa4
Bxe5 9. dxe5 Ne4 10. f3 Nc5 11. Qb5 Nd7 12. Rd1 a6 13. Qxb7 Na5 14. Qb4 Nxc4
15. e4 Bg6 16. exd5 Ndxe5 17. f4 Rb8 18. Qc3 c6 19. fxe5 cxd5 20. b3 O-O 21.
bxc4 Bxb1 22. Ba3 1-0

[Event "Mechanics' Spring TNM; G/2"]
[Site "San Francisco"]
[Date "2015.03.31"]
[Round "3.9"]
[White "Traub, Igor"]
[Black "Royzen, Igor"]
[Result "1-0"]
[WhiteElo "2073"]
[BlackElo "1881"]
[PlyCount "33"]
[EventDate "2015.??.??"]

1. Nf3 d5 2. g3 Nf6 3. Bg2 Bf5 4. O-O e6 5. Nh4 Bg4 6. c4 c6 7. h3 Bh5 8. cxd5
cxd5 9. g4 Ne4 10. d3 Nc5 11. Nf3 Bg6 12. h4 h6 13. b4 Qf6 14. bxc5 Qxa1 15.
Qb3 Nd7 16. Bb2 Nxc5 17. Qb5+ 1-0

[Event "Mechanics' Winter TNM; 30/90, SD/30"]
[Site "San Francisco"]
[Date "2015.02.24"]
[Round "8.6"]
[White "Traub, Igor"]
[Black "Vickers, Keith"]
[Result "1-0"]
[WhiteElo "2073"]
[BlackElo "2200"]
[Annotator "Donaldson"]
[PlyCount "79"]
[EventDate "2015.??.??"]

1. d4 Nf6 2. c4 d6 3. Nf3 Nbd7 4. Bf4 c6 5. e3 Qa5+ 6. Nc3 e5 7. Bg3 Ne4 8. Qc2
Nxg3 9. hxg3 Nf6 10. Bd3 Bd7 11. b4 Qc7 12. Rb1 g6 13. Ng5 Bg7 14. dxe5 dxe5
15. Nce4 Nxe4 16. Nxe4 Bf5 17. c5 Bxe4 18. Bxe4 Rd8 19. g4 h6 20. Qc4 a6 21.
O-O g5 $2 {This gravely weakens the f5 square.} 22. Rbd1 Ke7 23. a4 Rxd1 24.
Rxd1 Rd8 25. Rd3 Rxd3 26. Bxd3 Qd7 27. g3 Kd8 28. Qe4 Bf8 29. a5 f6 30. Qg6 Qg7
31. Qxg7 Bxg7 32. Bf5 Bf8 33. Kg2 Be7 34. Kf3 Kc7 35. Ke4 Bd8 36. Be6 Be7 37.
Kf5 b6 38. axb6+ Kb7 39. Bb3 a5 40. Ke6 1-0

[Event "Mechanics' Fall TNM; G/2"]
[Site "San Francisco"]
[Date "2015.12.15"]
[Round "9.4"]
[White "Traub, Igor Vladim"]
[Black "Byambaa, Uyanga"]
[Result "0-1"]
[WhiteElo "2096"]
[BlackElo "2204"]
[PlyCount "90"]
[EventDate "2015.??.??"]

1. d4 Nf6 2. Nf3 g6 3. g3 Bg7 4. Bg2 O-O 5. Nbd2 d6 6. O-O Nc6 7. e4 e5 8. c3
exd4 9. Nxd4 Ne5 10. f4 Nd3 11. Qc2 Nxc1 12. Raxc1 c5 13. N4f3 d5 14. Rcd1 Ng4
15. Rfe1 Qb6 16. e5 f6 17. h3 c4+ 18. Nd4 fxe5 19. fxe5 Nxe5 20. Bxd5+ Kh8 21.
Kg2 Nd3 22. Rf1 Rxf1 23. Rxf1 Qxb2 24. Qxb2 Nxb2 25. Nxc4 Na4 26. Nd6 h6 27.
N4b5 Bd7 28. Nc7 Rf8 29. Nf7+ Kh7 30. c4 Nc3 31. Bxb7 Bf5 32. Nd6 Bxh3+ 33.
Kxh3 Rxf1 34. c5 Nxa2 35. Na6 Bf8 36. Nb5 Bxc5 37. Nxc5 Rf5 38. Nxa7 Rxc5 39.
Bf3 Nb4 40. Kg2 Kg7 41. Be4 Kf6 42. Kf3 g5 43. g4 Ke5 44. Bf5 Rc3+ 45. Ke2 Nc6
0-1

[Event "Mechanics' Fall TNM; G/2"]
[Site "San Francisco"]
[Date "2015.10.20"]
[Round "1.10"]
[White "Traub, Igor Vladim"]
[Black "Casares, Nick"]
[Result "1-0"]
[WhiteElo "2096"]
[BlackElo "1600"]
[Annotator "Donaldson"]
[PlyCount "48"]
[EventDate "2015.??.??"]

1. Nf3 d5 2. d4 Bf5 3. c4 c6 4. Nc3 e6 5. Bf4 Bd6 6. Bxd6 Qxd6 7. e3 Nd7 8. Nh4
Ngf6 9. cxd5 O-O 10. Nxf5 exf5 11. Bd3 g6 12. dxc6 bxc6 13. O-O Ng4 14. g3 Ndf6
15. Na4 Rae8 16. Nc5 h5 17. Qc2 (17. Qf3 Kg7 18. h3 Rh8 19. hxg4 Nd5 20. gxf5
g5 21. e4 Nf4 22. gxf4 g4 23. e5 Qh6 24. f6+ Kg8 25. Qg3 Rd8 26. Rad1 Kf8 27.
Kh1 h4 28. Qxg4 Rg8 29. Nd7+ Ke8 30. Qxg8+) 17... Kg7 18. h3 Rh8 19. hxg4 Nd5
20. gxf5 g5 21. e4 Nf4 22. gxf4 g4 23. e5 Qh6 24. f6+ Kg8 1-0

[Event "Mechanics' Fall TNM; G/2"]
[Site "San Francisco"]
[Date "2015.11.17"]
[Round "5.1"]
[White "Traub, Igor Vladim"]
[Black "Critelli, James Ma"]
[Result "1/2-1/2"]
[WhiteElo "2096"]
[BlackElo "2376"]
[PlyCount "83"]
[EventDate "2015.??.??"]

1. Nf3 c5 2. g3 Nc6 3. d3 Nf6 4. e4 d5 5. Nbd2 g6 6. Bg2 Bg7 7. O-O O-O 8. Re1
e5 9. exd5 Nxd5 10. Nc4 f6 11. a4 Rb8 12. c3 Nc7 13. b4 cxb4 14. cxb4 b5 15.
axb5 Nxb5 16. Be3 Qd7 17. Qb3 Kh8 18. Bc5 Rd8 19. Red1 Bf8 20. Bxf8 Rxf8 21.
Na5 Nxa5 22. bxa5 Bb7 23. Qa4 Qd6 24. Rac1 Bxf3 25. Bxf3 Nd4 26. Kg2 Rb4 27.
Qa2 Rb5 28. Rb1 Rxb1 29. Rxb1 Nxf3 30. Kxf3 Qxd3+ 31. Kg2 Rd8 32. h4 Qe4+ 33.
Kh2 Kg7 34. Rc1 Rd7 35. a6 Qf5 36. Rb1 Qf3 37. Qc2 h6 38. Rb3 Qd5 39. Rb8 Qf3
40. Rb4 Qd5 41. Qb2 Rf7 42. Rb7 1/2-1/2

[Event "Mechanics' Summer TNM; G/2"]
[Site "San Francisco"]
[Date "2015.05.26"]
[Round "1.7"]
[White "Traub, Igor Vladim"]
[Black "Gupta, Vishrut"]
[Result "1-0"]
[WhiteElo "2097"]
[BlackElo "1613"]
[PlyCount "79"]
[EventDate "2015.??.??"]

1. Nf3 d5 2. g3 Nc6 3. d4 Bg4 4. Bg2 e6 5. O-O Bd6 6. c4 h6 7. cxd5 exd5 8. Nc3
Nf6 9. h3 Be6 10. Nb5 g5 11. a3 Ne4 12. Nxd6+ Qxd6 13. b4 f6 14. b5 Na5 15. Nd2
Nc3 16. Qe1 Nxb5 17. Bb2 Qd7 18. e4 O-O-O 19. Kh2 Rde8 20. e5 a6 21. Ne4 dxe4
22. Qxa5 f5 23. Rac1 f4 24. Bxe4 Bxh3 25. Rfd1 fxg3+ 26. fxg3 Rhf8 27. Qe1 Re7
28. d5 Ref7 29. Rd2 Rf1 30. Qe3 Kb8 31. a4 Qf7 32. Rxf1 Bxf1 33. axb5 Qh5+ 34.
Kg1 Bxb5 35. Bg2 Qg4 36. d6 Qf5 37. Bd4 Bc6 38. Ba7+ Ka8 39. Bxc6 bxc6 40. dxc7
1-0

[Event "Mechanics' Summer TNM; G/2"]
[Site "San Francisco"]
[Date "2015.07.07"]
[Round "7.5"]
[White "Traub, Igor Vladim"]
[Black "Manvelyan, Hovik"]
[Result "1-0"]
[WhiteElo "2097"]
[BlackElo "2015"]
[PlyCount "69"]
[EventDate "2015.??.??"]

1. e4 c5 2. d3 Nc6 3. Nf3 d6 4. g3 g6 5. Bg2 Bg7 6. h3 e6 7. c3 Rb8 8. a4 Nge7
9. Be3 b5 10. axb5 Rxb5 11. Qc1 Na5 12. Nbd2 O-O 13. O-O Nec6 14. d4 c4 15. d5
exd5 16. exd5 Ne5 17. Nxe5 Bxe5 18. Rxa5 Rxa5 19. Nxc4 Ba6 20. Nxa5 Qxa5 21.
Qa1 Qb5 22. Rd1 Qb3 23. Bf3 Bc8 24. Kg2 a5 25. Bd4 Re8 26. Bxe5 Rxe5 27. Qxa5
Re8 28. Qa3 Qc2 29. Qxd6 Bf5 30. Qf4 Be4 31. Rd2 Bxf3+ 32. Kxf3 Qc1 33. d6 Qh1+
34. Kg4 Re4 35. d7 1-0

[Event "Mechanics' Fall TNM; G/2"]
[Site "San Francisco"]
[Date "2015.11.03"]
[Round "3.3"]
[White "Traub, Igor Vladim"]
[Black "Maser, Thomas F"]
[Result "1-0"]
[WhiteElo "2096"]
[BlackElo "1923"]
[PlyCount "64"]
[EventDate "2015.??.??"]

1. Nf3 Nf6 2. g3 e6 3. d3 d5 4. Bg2 Be7 5. Nbd2 O-O 6. O-O c5 7. e4 Nc6 8. Re1
Qc7 9. Qe2 dxe4 10. dxe4 Nb4 11. Nc4 b5 12. Bf4 Qb7 13. Nce5 Nh5 14. Be3 f6 15.
c3 Na6 16. g4 fxe5 17. gxh5 Bf6 18. h6 Rb8 19. hxg7 Rf7 20. Bh6 Bxg7 21. Bxg7
Rxg7 22. Nxe5 c4 23. Rad1 Qc7 24. Qh5 Bb7 25. Rd4 Nc5 26. Re3 Nd3 27. Nxd3 cxd3
28. Rdxd3 Qf4 29. Rg3 Bxe4 30. Rxg7+ Kxg7 31. Bxe4 Qxe4 32. Qg5+ Kh8 1-0

[Event "Mechanics' Summer TNM; G/2"]
[Site "San Francisco"]
[Date "2015.06.23"]
[Round "5.5"]
[White "Traub, Igor Vladim"]
[Black "Senthilkumar, Pranav"]
[Result "1/2-1/2"]
[WhiteElo "2097"]
[BlackElo "1948"]
[Annotator "Donaldson"]
[PlyCount "49"]
[EventDate "2015.??.??"]

1. e4 c5 2. f4 Nc6 3. Nf3 g6 4. Nc3 Bg7 5. g3 e6 6. Bg2 Nge7 7. O-O O-O 8. d3
d5 9. e5 b6 10. Nb5 Ba6 11. a4 Nc8 12. c4 Bb7 13. cxd5 exd5 14. d4 a6 15. Nc3
N8e7 16. b3 Rb8 17. Ba3 Nf5 18. Re1 Ncxd4 19. Nxd4 Nxd4 20. b4 Qc8 21. bxc5
bxc5 22. Bxd5 Rd8 23. Bxb7 Qxb7 24. Ne4 Qc6 25. Bxc5 {
Black could have continued on with 25...Nb3.} 1/2-1/2

[Event "Mechanics' Summer TNM; G/2"]
[Site "San Francisco"]
[Date "2015.06.09"]
[Round "3.9"]
[White "Traub, Igor Vladim"]
[Black "Shi, Jaysen"]
[Result "1-0"]
[WhiteElo "2097"]
[BlackElo "1833"]
[PlyCount "91"]
[EventDate "2015.??.??"]

1. d4 d5 2. c4 e6 3. Nc3 Nf6 4. Bf4 c6 5. e3 Bd6 6. Bxd6 Qxd6 7. Nf3 O-O 8. Bd3
b6 9. O-O dxc4 10. Bxc4 Ba6 11. Bxa6 Nxa6 12. Ne5 Nc7 13. Rc1 c5 14. Nc4 Qe7
15. Qa4 cxd4 16. exd4 Nfd5 17. Ne5 Nxc3 18. bxc3 Nd5 19. c4 Nf4 20. Qc2 Qg5 21.
g3 Nh3+ 22. Kh1 Qh5 23. f4 Rac8 24. Kg2 Rfd8 25. Qe4 f5 26. Qe3 Qh6 27. d5 exd5
28. cxd5 Rxc1 29. Rxc1 g5 30. d6 Qxd6 31. Qb3+ Qd5+ 32. Kxh3 Qxb3 33. axb3 gxf4
34. gxf4 a5 35. Kh4 Rd2 36. h3 Rf2 37. Kg5 Rg2+ 38. Kxf5 Rg3 39. Kf6 h5 40. Ng6
Kh7 41. f5 Rd3 42. Rc8 Rd6+ 43. Kg5 Rd3 44. Rh8+ Kg7 45. f6+ Kf7 46. Ne5+ 1-0

[Event "Mechanics' Fall TNM; G/2"]
[Site "San Francisco"]
[Date "2015.12.08"]
[Round "8.2"]
[White "Traub, Igor Vladim"]
[Black "Stearman, Josiah P"]
[Result "0-1"]
[WhiteElo "2096"]
[BlackElo "2137"]
[Annotator "Donaldson"]
[PlyCount "144"]
[EventDate "2015.??.??"]

1. d4 f5 2. c4 Nf6 3. Nc3 e6 4. g3 c6 5. Bg2 d5 6. cxd5 cxd5 7. Nf3 Nc6 8. O-O
Bd6 9. a3 O-O 10. Bg5 h6 11. Bxf6 Qxf6 12. b4 Bd7 13. Nb5 Bb8 14. Qd3 a6 15.
Nc3 Bd6 16. e3 g5 17. Rfe1 Kh8 18. Rac1 Be8 19. Nd2 f4 20. Nb3 Bg6 21. e4 Rad8
22. Qd2 Bb8 23. exd5 exd5 24. Nxd5 Qf7 25. Rxc6 bxc6 26. Ne7 Rfe8 27. Nxg6+
Qxg6 28. Rc1 Re6 29. Qc3 Kh7 30. Bxc6 fxg3 31. hxg3 Rf8 32. Qc2 h5 33. Bb7 h4
34. Nc5 Qxc2 35. Rxc2 Re1+ 36. Kg2 hxg3 37. fxg3 Rff1 38. Kh3 Re3 39. Ne4 Rg1
40. Kh2 Rge1 41. Nxg5+ Kg6 42. Ne4 Rxe4 43. Bxe4+ Rxe4 44. Rc8 Bd6 45. Rc6 Rxd4
46. Rxa6 Kf5 47. Kh3 Rd3 48. Kg2 Ke4 49. Ra8 Rxg3+ 50. Kf2 Rb3 51. Re8+ Be5 52.
a4 Rb2+ 53. Ke1 Rxb4 54. a5 Ra4 55. Kd2 Ra2+ 56. Kc1 Rxa5 {
Black had a time advantage of 40 minutes to 1 going into this ending.} 57. Kc2
Rb5 58. Rc8 Rb2+ 59. Kc1 Rh2 60. Re8 Kd5 61. Rd8+ Kc4 62. Kd1 Bd4 63. Ke1 Kd3
64. Kf1 $2 (64. Rf8 $11) 64... Rf2+ 65. Ke1 {Diagram #} Rg2 $2 (65... Rf7 66.
Ra8 (66. Rd6 Rg7) 66... Bc3+ 67. Kd1 Rf1#) 66. Rf8 $1 $11 Rg6 67. Rf7 Rg2 68.
Rf8 Be5 69. Rf3+ Ke4 70. Rb3 Bf4 71. Rb4+ Kf3 72. Rb7 (72. Rb3+ Be3 73. Kd1) (
72. Kd1 Rd2+ 73. Ke1 Rd3 74. Rb1 Be3 75. Ra1 Bd4 76. Rc1 Bb2 77. Rb1 Bc3+ 78.
Kf1 Rd6 79. Rc1 Bb2 80. Rb1 Rd8 81. Kg1 (81. Re1 Rh8) 81... Bd4+ 82. Kf1 Be3
83. Ke1 Bf2+ 84. Kf1 Rg8 85. Rb3+ Be3) 72... Rg1# 0-1

[Event "Mechanics' Fall TNM; G/2"]
[Site "San Francisco"]
[Date "2015.11.03"]
[Round "3.10"]
[White "Tsodikova, Natalya"]
[Black "Andries, Craig"]
[Result "1-0"]
[WhiteElo "2164"]
[BlackElo "1863"]
[PlyCount "111"]
[EventDate "2015.??.??"]

1. d4 f5 2. c4 e6 3. Nf3 Nf6 4. g3 c6 5. Bg2 d5 6. O-O Bd6 7. b3 O-O 8. Ba3
Bxa3 9. Nxa3 Qe7 10. Nc2 Nbd7 11. e3 a5 12. Nce1 b6 13. Nd3 Ba6 14. Rc1 Rfc8
15. Re1 a4 16. Nfe5 Bb7 17. c5 b5 18. b4 Nxe5 19. dxe5 Nd7 20. f3 Nf8 21. e4
Rd8 22. exf5 exf5 23. Bh3 Bc8 24. Rc2 g5 25. e6 Bxe6 26. Bxf5 Qf6 27. Bxe6+
Nxe6 28. Ne5 Rac8 29. Rce2 Rc7 30. Ng4 Qd4+ 31. Kg2 Qxd1 32. Rxd1 Nf8 33. Nf6+
Kf7 34. Ne4 Ne6 35. Nd6+ Kf6 36. Rde1 Re7 37. Kf2 Rdd7 38. Rd2 Nc7 39. Rh1 Ne8
40. Nxe8+ Rxe8 41. h4 Re5 42. hxg5+ Rxg5 43. f4 Rgg7 44. Kf3 Rde7 45. g4 Kf7
46. Rdh2 Kg8 47. Rh6 Rg6 48. f5 Rxh6 49. Rxh6 Re4 50. Rxc6 Rxb4 51. Rb6 Rb2 52.
c6 Rxa2 53. c7 Rc2 54. Rb8+ Kf7 55. c8=Q Rxc8 56. Rxc8 1-0

[Event "Mechanics' Summer TNM; G/2"]
[Site "San Francisco"]
[Date "2015.06.30"]
[Round "6.6"]
[White "Tsodikova, Natalya"]
[Black "Askin, David"]
[Result "1-0"]
[WhiteElo "2168"]
[BlackElo "1959"]
[Annotator "Donaldson"]
[PlyCount "81"]
[EventDate "2015.??.??"]

1. d4 d5 2. Nf3 Nf6 3. g3 c6 4. c4 e6 5. Bg2 Nbd7 6. O-O Bd6 7. Nfd2 {
The most accurate move order as} (7. Nc3 {allows} dxc4) 7... O-O 8. Nc3 Bb4 {
This seems like the only move that demands any real accuracy from White -
Avrukh in the latest edition of 1.d4 The Catalan (2015).} 9. Qc2 (9. e4 $1 {
(the following analysis is by Avrukh)} e5 10. dxe5 d4 (10... Nxe5 11. cxd5 Bxc3
12. bxc3 cxd5 13. exd5 Nxd5 14. Nb3 Be6 15. Re1 Qf6 16. Qe2 Nc6 17. Bb2) 11.
Nd5 (11. exf6 dxc3 12. fxg7 cxd2 13. gxf8=Q+ Nxf8 $1 14. a3 Ba5 15. b4 dxc1=Q
16. Qxc1 Bc7 17. Qe3) 11... Nxd5 12. exd5 Nxe5 (12... cxd5 13. Nf3 dxc4 14.
Qxd4 Nb6 15. Be3 $14) 13. Ne4 cxd5 14. cxd5 Qb6 15. a3 Be7 16. Bf4 f6 17. b4
$14) 9... Re8 10. e4 dxe4 11. Ndxe4 Bxc3 12. Nxc3 Nb6 13. Ne2 (13. b3 $1 Qxd4
14. Be3 Qe5 15. a4 Nbd7 16. a5 a6 17. Rfd1 {
offers White excellent compensation for the sacrificed pawn.}) 13... e5 14. Rd1
e4 $6 (14... Qe7) 15. b3 Bg4 16. Be3 Qd7 17. Re1 Qf5 18. Nf4 Qd7 19. h3 Bf3 20.
Bxf3 exf3 21. Kh2 g5 22. Nd3 Qf5 23. Rac1 Nbd7 24. b4 h5 25. Nc5 Qxc2 26. Rxc2
Nxc5 27. bxc5 g4 28. h4 Re7 29. Rd1 Rd7 30. Rb2 Ne4 31. Rdb1 Nc3 32. Rxb7 Rdd8
33. Rc1 Ne2 34. Rd1 Nc3 35. Rd3 Ne2 36. d5 Rab8 37. Rxb8 Rxb8 38. d6 Rd8 39. d7
f6 40. Bd2 Kf7 41. Ba5 1-0

[Event "Mechanics' Leighton Allen TNM; G/2"]
[Site "San Francisco"]
[Date "2015.09.15"]
[Round "7.3"]
[White "Tsodikova, Natalya"]
[Black "Askin, Michael"]
[Result "1-0"]
[WhiteElo "2164"]
[BlackElo "2080"]
[PlyCount "83"]
[EventDate "2015.??.??"]

1. e4 c6 2. d4 d5 3. exd5 cxd5 4. Bd3 Nc6 5. c3 Qc7 6. Ne2 e5 7. dxe5 Nxe5 8.
Bb5+ Bd7 9. Bxd7+ Qxd7 10. Bf4 Ng6 11. Be3 Nf6 12. O-O Bd6 13. Bd4 Nh5 14. Nd2
O-O 15. Ng3 Nhf4 16. Nh5 Nxg2 17. Ng3 N2f4 18. Kh1 Qh3 19. Rg1 Rfe8 20. Qf1 Qd7
21. Rd1 Nh3 22. Qg2 Nxg1 23. Rxg1 Be5 24. Nf3 Bxd4 25. Nxd4 Rad8 26. Ngf5 Re5
27. Qg4 Re4 28. Qg3 Qe8 29. f3 Re5 30. h4 h5 31. Kh2 Qd7 32. Qg5 Qc7 33. Rg3
Rde8 34. Qxh5 Re1 35. Qg4 Qf4 36. Qxf4 Nxf4 37. Nxg7 Rc8 38. Ngf5+ Kh8 39. Nd6
Rc7 40. N4f5 Re2+ 41. Kg1 Rxb2 42. Rg7 {Black did not find 42...d4! and was
outplayed in mutual time pressure. The remaining moves are unavailable.} 1-0

[Event "Mechanics' Fall TNM; G/2"]
[Site "San Francisco"]
[Date "2015.11.17"]
[Round "5.3"]
[White "Tsodikova, Natalya"]
[Black "Basak, Aniruddha"]
[Result "1-0"]
[WhiteElo "2164"]
[BlackElo "2167"]
[PlyCount "73"]
[EventDate "2015.??.??"]

1. d4 Nf6 2. c4 g6 3. Nc3 Bg7 4. e4 d6 5. Be2 O-O 6. Bg5 h6 7. Be3 c5 8. d5 e6
9. Qd2 exd5 10. cxd5 Re8 11. f3 Kh7 12. a4 Nbd7 13. Nh3 Ne5 14. Nf2 g5 15. O-O
Nh5 16. Ng4 f5 17. Nxe5 Rxe5 18. f4 Nxf4 19. Bxf4 gxf4 20. Rxf4 Bf6 21. Qc2 Bg5
22. Rf3 f4 23. h3 Bd7 24. Nb1 Be8 25. Na3 Bg6 26. Nc4 Rxd5 27. Bd3 Rd4 28. e5
Rxd3 29. Rxd3 d5 30. Qb3 b5 31. axb5 Be4 32. Nd6 Qb6 33. Ra6 c4+ 34. Rxb6 axb6
35. Nxc4 dxc4 36. Rd7+ Kg6 37. Qxc4 1-0

[Event "Mechanics' Summer TNM; G/2"]
[Site "San Francisco"]
[Date "2015.05.26"]
[Round "1.5"]
[White "Tsodikova, Natalya"]
[Black "Bertot, German"]
[Result "1-0"]
[WhiteElo "2168"]
[BlackElo "1628"]
[Annotator "Donaldson"]
[PlyCount "95"]
[EventDate "2015.??.??"]

1. e4 e5 2. Nf3 Nc6 3. Bb5 a6 4. Ba4 Nf6 5. d3 b5 6. Bb3 Be7 7. c3 d6 8. O-O
Bg4 9. Re1 O-O 10. Nbd2 Re8 11. Nf1 d5 12. Qe2 d4 13. Ng3 g6 14. h3 Be6 15.
Bxe6 fxe6 16. Bg5 Nd7 17. Bxe7 Qxe7 18. Rac1 Nf6 19. Qc2 Rac8 20. a4 b4 21.
cxd4 Nxd4 22. Nxd4 exd4 23. Qc4 Nd7 24. Qxd4 c5 25. Qe3 e5 26. Nf1 Nf8 27. Qg3
Qd7 28. Rcd1 Qxa4 29. Ne3 Qc6 30. Nd5 Nd7 31. Qg5 Qe6 32. Rf1 Kh8 33. f4 exf4
34. Nxf4 Qe7 35. Qxe7 Rxe7 36. Nd5 Ree8 37. Ra1 Ne5 38. Rxa6 Nxd3 39. Nf6 Rf8
40. Ra7 Rxf6 41. Rxf6 Nxb2 42. e5 (42. Rff7 {is much simpler.}) 42... c4 43. e6
(43. Rff7 $1) 43... c3 44. e7 $2 (44. Rff7 $1) 44... Kg8 45. Rd7 Re8 46. Rf1 c2
$4 (46... Kg7 $11) 47. Rd8 Nd3 48. Rxe8+ 1-0